Animal Alphabet Picture 4 - Statistics

General Stats
  • This quiz has been taken 41 times
  • The average score is 17 of 26
Answer Stats
Picture Hint Answer % Correct
D Dog
100%
B Bison
93%
C Chameleon
93%
P Panda
93%
R Raccoon
93%
F Falcon
90%
K Kangaroo
90%
S Skunk
90%
G Gecko
86%
M Manta Ray
83%
O Opossum
79%
W Walrus
76%
E Echidna
72%
U Urchin
72%
I Impala
69%
A African Wild Dog
62%
N Newt
62%
J Jackalope
52%
L Loris
45%
T Tasmanian Tiger
45%
Q Quoll
41%
H Hoatzin
38%
Z Zebra Finch
34%
Y Yellow-Billed Hornbill
28%
V Vireo
24%
X Xenosmilus
24%
No matching quizzes found
Score Distribution
Percent of People with Each Score
Percentile by Number Answered
Your Score History
You have not taken this quiz